(Record no. 188418)
[ view plain ]
| 000 -LEADER | |
|---|---|
| fixed length control field | 00379nam a2200145Ia 4500 |
| 041 ## - LANGUAGE CODE | |
| Language code of text/sound track or separate title | Persian |
| 082 ## - DEWEY DECIMAL CLASSIFICATION NUMBER | |
| Classification number | 305,5 cut-235 ب |
| 100 ## - MAIN ENTRY--PERSONAL NAME | |
| Personal name | 20260118u\\\\\\\\\\\y0engy0103\\\\ba |
| Personal name | تى.بى .باتامور |
| 245 #0 - TITLE STATEMENT | |
| Title | نخبگان وجامعە |
| 250 ## - EDITION STATEMENT | |
| Edition statement | ط1 |
| 260 ## - PUBLICATION, DISTRIBUTION, ETC. (IMPRINT) | |
| Name of publisher, distributor, etc | کتابخانە ملى ایران |
| Place of publication, distribution, etc | تاران |
| Date of publication, distribution, etc | 1381 |
| 300 ## - PHYSICAL DESCRIPTION | |
| Extent | 232 |
| 942 ## - ADDED ENTRY ELEMENTS (KOHA) | |
| Koha item type | Books |
| Withdrawn status | Lost status | Damaged status | Not for loan | Collection code | Home library | Current library | Shelving location | Date acquired | Total Checkouts | Full call number | Barcode | Date last seen | Copy number | Price effective from | Koha item type |
|---|---|---|---|---|---|---|---|---|---|---|---|---|---|---|---|
| Koya University Central Library | Koya University Central Library | Books | 18/01/2026 | 305,5 cut-235 ب | 0000092702 | 18/01/2026 | 1 | 18/01/2026 | Books |